Proyecto de prácticas de campo, EIUPA, en ciudad Bolívar, Medellín, Colombia : (Record no. 178143)
[ view plain ]
| 000 -CABECERA | |
|---|---|
| campo de control de longitud fija | 02236nam a2200385Ia 4500 |
| 001 - NÚMERO DE CONTROL | |
| campo de control | dia_7024 |
| 003 - IDENTIFICADOR DEL NÚMERO DE CONTROL | |
| campo de control | CHAP |
| 005 - FECHA Y HORA DE LA ÚLTIMA TRANSACCIÓN | |
| campo de control | 20250730173440.0 |
| 007 - CAMPO FIJO DE DESCRIPCIÓN FÍSICA--INFORMACIÓN GENERAL | |
| campo de control de longitud fija | ta |
| 008 - DATOS DE LONGITUD FIJA--INFORMACIÓN GENERAL | |
| campo de control de longitud fija | 220117s2018 mx adeofr 001 0 spa d |
| 040 ## - FUENTE DE LA CATALOGACIÓN | |
| Centro/agencia transcriptor | CHAP |
| Centro catalogador/agencia de origen | mxchpua |
| 090 ## - LOCALMENTE ASIGNADO TIPO-LC NÚMERO DE CLASIFICACIÓN (OCLC); NÚMERO DE CLASIFICACIÓN LOCAL (RLIN) | |
| Número de clasificación (OCLC) (R) ; Numero de clasificación, CALL (RLIN) (NR) | T.C.754 |
| Número cutter local (OCLC) ; Número de libro/Signatura topográfica íntegra, CALL (RLIN) | L67 EIUPA |
| Año | 2018 |
| 245 10 - MENCIÓN DE TÍTULO | |
| Título | Proyecto de prácticas de campo, EIUPA, en ciudad Bolívar, Medellín, Colombia : |
| Resto del título | Empresa Agropecuaria Farallones / |
| Mención de responsabilidad, etc. | coordinador Vicente López Bautista ; colaboradores Ernesto Álvarez Villareal...[et al.] |
| 260 ## - PUBLICACIÓN, DISTRIBUCIÓN, ETC. | |
| Lugar de publicación, distribución, etc. | México : |
| Nombre del editor, distribuidor, etc. | El autor, |
| Fecha de publicación, distribución, etc. | 2018 |
| 300 ## - DESCRIPCIÓN FÍSICA | |
| Extensión | 106 hojas : |
| Otras características físicas | ilustraciones, gráficas, diagramas, tablas, fotos, planos + |
| Material acompañante/anejo | 1 CD-ROM |
| 336 ## - TIPO DE CONTENIDO | |
| Fuente | rdacontent |
| Término de tipo de contenido | texto |
| Código de tipo de contenido | txt |
| 337 ## - TIPO DE MEDIO | |
| Fuente | rdamedia |
| Nombre/término del tipo de medio | no mediado |
| Código del tipo de medio | n |
| 338 ## - TIPO DE SOPORTE | |
| Fuente | rdacarrier |
| Nombre/término del tipo de soporte | volumen |
| Código del tipo de soporte | nc |
| 500 ## - NOTA GENERAL | |
| Nota general | 7° año Grupo 3-4 --<br/>El CD contiene reporte y planos.<br/>Los planos están incluidos en el archivo del reporte |
| 502 ## - NOTA DE TESIS | |
| Nota de tesis | Viaje de Estudios |
| Tipo de título | (EIUPA) -- |
| Nombre de la institución que otorga el título | UACh. Departamento de Ingeniería Agroindustrial, |
| Año de obtención del título | 2018 |
| 504 ## - NOTA DE BIBLIOGRAFÍA, ETC. | |
| Nota de bibliografía, etc. | Bibliografía: hoja 105 |
| 505 ## - NOTA DE CONTENIDO CON FORMATO | |
| Nota de contenido con formato | 9 planos --<br/>1. Diagrama de recorrido Agropecuaria Farallones --<br/>2. Plano de áreas de centro de acopio Agropecuaria Farallones (Esc. 1:100) --<br/>3. Plano de áreas de beneficio húmedo Finca de los dolores (Esc. 1:40) --<br/>4. Plano de áreas trilladora Agropecuaria Farallones (Esc. 1:50) --<br/>5. Plano de distribución de equipo del almacén (Esc. 1:100) --<br/>6. Plano de distribución de equipo trilladora farallones (Esc. 1:40) --<br/>7. Plano de distribución de equipo del beneficio húmedo (Esc. 1:40) --<br/>8. Diagrama de tubería e instrumentación de beneficio húmedo --<br/>9. Diagrama de flujo del beneficio húmedo |
| 650 10 - PUNTO DE ACCESO ADICIONAL DE MATERIA--TÉRMINO DE MATERIA | |
| Término de materia o nombre geográfico como elemento de entrada | Productos del café |
| Subdivisión general | Industria y comercio |
| Subdivisión geográfica | Colombia |
| 9 (RLIN) | 161678 |
| 650 10 - PUNTO DE ACCESO ADICIONAL DE MATERIA--TÉRMINO DE MATERIA | |
| Término de materia o nombre geográfico como elemento de entrada | Coffee products |
| Subdivisión general | Industry and trade |
| Subdivisión geográfica | Colombia |
| 9 (RLIN) | 161675 |
| 700 1# - PUNTO DE ACCESO ADICIONAL--NOMBRE DE PERSONA | |
| Nombre de persona | López Bautista, Vicente |
| 9 (RLIN) | 147030 |
| Término indicativo de función/relación | coordinador |
| 700 1# - PUNTO DE ACCESO ADICIONAL--NOMBRE DE PERSONA | |
| Nombre de persona | Álvarez Villareal, Ernesto |
| 9 (RLIN) | 162814 |
| Término indicativo de función/relación | colaborador |
| 856 41 - LOCALIZACIÓN Y ACCESO ELECTRÓNICOS | |
| Identificador Uniforme del Recurso | <a href="http://10.13.5.2/ve/TC754EIUPA/TC754EIUPA2018-REPORTE.pdf">http://10.13.5.2/ve/TC754EIUPA/TC754EIUPA2018-REPORTE.pdf</a> |
| Texto de enlace | DESCARGAR REPORTE |
| 942 ## - ELEMENTOS DE PUNTO DE ACCESO ADICIONAL (KOHA) | |
| Fuente del sistema de clasificación o colocación | Clasificación Universidad Autónoma de Chapingo |
| 901 ## - ELEMENTOS DE DATOS A LOCAL LDA (RLIN) | |
| a | T.C.754 L67 EIUPA 2018 |
| 902 ## - ELEMENTOS DE DATOS B LOCAL, LDB (RLIN) | |
| a | M |
| 905 ## - ELEMENTOS DE DATOS E LOCAL, LDE (RLIN) | |
| a | 5232272018 mx edml8223123322spa16 |
| 942 ## - ELEMENTOS DE PUNTO DE ACCESO ADICIONAL (KOHA) | |
| Tipo de ítem Koha | Viaje de Estudios |
| Estado de retiro | Estado de pérdida | Fuente del sistema de clasificación o colocación | Estado dañado | Restricciones de uso | No para préstamo | Código de colección | Localización permanente | Ubicación/localización actual | Fecha de adquisición | Fuente de adquisición | Total de préstamos | Signatura topográfica completa | Código de barras | Fecha visto por última vez | Número de copia | Precio válido a partir de | Tipo de ítem Koha | Fecha del último préstamo | Ubicación en estantería |
|---|---|---|---|---|---|---|---|---|---|---|---|---|---|---|---|---|---|---|---|
| Clasificación Universidad Autónoma de Chapingo | Préstamo interno | Viajes de Estudio | Ingenieria Agroindustrial | Ingenieria Agroindustrial | 18/01/2022 | El autor | T.C.754 L67 EIUPA 2018 | 1106011861 | 18/01/2022 | Ej. 2 | 18/01/2022 | CD | |||||||
| Clasificación Universidad Autónoma de Chapingo | Préstamo interno | Viajes de Estudio | Ingenieria Agroindustrial | Ingenieria Agroindustrial | 18/01/2022 | El autor | 2 | T.C.754 L67 EIUPA 2018 | 1106011860 | 26/01/2026 | Ej. 1 | 18/01/2022 | Viaje de Estudios | 28/11/2022 | |||||
| Clasificación Universidad Autónoma de Chapingo | Viajes de estudio - En línea | Ingenieria Agroindustrial | Ingenieria Agroindustrial | 13/05/2024 | El autor | T.C.754 L67 EIUPA 2018 | 1206011860 | 13/05/2024 | 13/05/2024 | Viajes de Estudio - En línea | En línea |
